000 00526nam a2200169Ia 4500
008 090124s9999 xx 000 0 und d
020 _a978-81-7786-352-9
082 _b46589
245 _a संशोधनाची क्षितिजे
250 _a1
260 _c2007
300 _a318
630 _a संशोधनाची क्षितिजे
700 _aभोळे भास्कर लक्ष्मण
730 _a संशोधनाची क्षितिजे
942 _cBOOK
999 _c112799
_d112799